000 00409nam a2200157Ia 4500
003 GCL
008 140319s9999 xx 000 0 eng d
040 _aGCL /
_cGCL
082 0 4 _a611
_bW I
100 1 _aWHITAKER, R. H.
245 1 0 _aINSTANT ANATOMY /
_cWHITAKER, R. H.
260 _a[S.N] :
_bBLACKWELL SCIENTIFIC PUBLICATIONS ،
_c1994
300 _a193 P
650 0 4 _aHUMAN - ANATOMY
942 _2ddc
_cBK
999 _c21230
_d21230